Countries by State Flags - Statistics

General Stats
  • This quiz has been taken 120 times
  • The average score is 14 of 16
Answer Stats
Picture Answer % Correct
Costa Rica
97%
Germany
97%
Norway
97%
Austria
96%
Finland
96%
Poland
96%
Venezuela
96%
Hungary
95%
Italy
95%
Bolivia
94%
Peru
94%
Nigeria
93%
Tuvalu
86%
Liechtenstein
77%
Monaco
40%
Lithuania
38%
No matching quizzes found
Score Distribution
Percent of People with Each Score
Percentile by Number Answered
Your Score History
You have not taken this quiz